A hazai borfogyasztás sajátosságai

Bibliographic Details
Main Author: Lesták Erika
Other Authors: Fabula László
Format: Final Paper
Kulcsszavak:Szőlőtermesztés
Borkészítés
Borvidék, magyar
Borkereskedelem
Fogyasztási szokás, bor
Online Access:http://dolgozattar.uni-bge.hu/59311

MARC

LEADER 00000nta a2200000 i 4500
001 dolg59311
005 20260109131649.0
008 260108suuuu hu o 000 hun d
040 |a BGE Dolgozattár Repozitórium  |b hun 
041 |a hu 
100 1 |a Lesták Erika 
245 1 2 |a A hazai borfogyasztás sajátosságai  |c Lesták Erika  |h [elektronikus dokumentum] 
516 |a Final_paper 
695 |a Szőlőtermesztés 
695 |a Borkészítés 
695 |a Borvidék, magyar 
695 |a Borkereskedelem 
695 |a Fogyasztási szokás, bor 
700 1 |a Fabula László  |e ths 
856 4 0 |u http://dolgozattar.uni-bge.hu/59311/1/Lestak-Erika.pdf  |z Dokumentum-elérés